Normal view MARC view

Entry Personal Name

Number of records used in: 5

001 - CONTROL NUMBER

  • control field: 34908

003 - CONTROL NUMBER IDENTIFIER

  • control field: dpl

005 - DATE AND TIME OF LATEST TRANSACTION

  • control field: 20110927113238.0

008 - FIXED-LENGTH DATA ELEMENTS

  • fixed length control field: 110927|||a|||||| | ||| d

040 ## - CATALOGING SOURCE

  • Original cataloging agency: dpl
  • Transcribing agency: dpl

100 ## - HEADING--PERSONAL NAME

  • Personal name: Lipschutz, Seymour

670 ## - SOURCE DATA FOUND

  • Source citation: Work cat.: (dpl): Lipschutz, Seymour , Theory and problems of discrete mathematics /, 2002

670 ## - SOURCE DATA FOUND

  • Source citation: Work cat.: (dpl): Lipschutz, Seymour , Theory and problems of discrete mathematics /, 2002

© Delhi Public Library
Hit Counter
free hit counter